ბათუმის შოთა რუსთაველის სახელმწიფო უნივერსიტეტის ბიბლიოთეკა

აღმართ-დაღმართი, კვერნახი,ლანდები. (ბიბ.ჩანაწერი № 48565)

000 -LEADER
fixed length control field 00834nam a2200229Ia 4500
001 - CONTROL NUMBER
control field 15463
003 - CONTROL NUMBER IDENTIFIER
control field GE_BSU
008 - FIXED-LENGTH DATA ELEMENTS--GENERAL INFORMATION
fixed length control field 181216s||||||||xx |||||||||||||| ||und||
040 ## - CATALOGING SOURCE
Transcribing agency GE_BSU
080 ## - UNIVERSAL DECIMAL CLASSIFICATION NUMBER
Universal Decimal Classification number 821.353.1-31
100 ## - MAIN ENTRY--PERSONAL NAME
Personal name ჩხეიძე,ოთარ
245 ## - TITLE STATEMENT
Title აღმართ-დაღმართი, კვერნახი,ლანდები.
245 ## - TITLE STATEMENT
Remainder of title რომანები
245 ## - TITLE STATEMENT
Statement of responsibility, etc. რედ.ალ.გომიაშვილი. მხატვ. კ.ხუციშვილი
260 ## - PUBLICATION, DISTRIBUTION, ETC.
Place of publication, distribution, etc. თბილისი
260 ## - PUBLICATION, DISTRIBUTION, ETC.
Name of publisher, distributor, etc. საბჭ. საქართველო
260 ## - PUBLICATION, DISTRIBUTION, ETC.
Date of publication, distribution, etc. 1970
300 ## - PHYSICAL DESCRIPTION
Extent 716გვ.20სმ.
653 ## - INDEX TERM--UNCONTROLLED
Uncontrolled term აღმართ-დაღმართი, კვერნახი,ლანდები.
653 ## - INDEX TERM--UNCONTROLLED
Uncontrolled term რომანები
942 ## - ADDED ENTRY ELEMENTS (KOHA)
Koha item type წიგნი
ეგზემპლარები
Withdrawn status Lost status Damaged status Not for loan Date acquired Barcode Date last seen Price effective from Koha item type
        2018-12-17 38496 2018-12-17 2018-12-17 წიგნი
        2018-12-17 38497 2018-12-17 2018-12-17 წიგნი